000 00385nam a22001697a 4500
003 MPLRDC
005 20220104124724.0
008 210129b ||||| |||| 00| 0 eng d
082 _a719 ZTC
100 _a周天彻
245 _a世界风物
_c
250 _a初版
260 _a
_b香港中流出版社
_c1976
300 _b
650 _a世界游记
942 _cBK
_o719 ZTC
999 _c21631
_d21621